Composition real madrid finale ligue des champions 2002 - Statistiques

Statistiques générales
  • Ce quiz a été pris 418 fois
  • Le résultat moyen est 6 sur 12
Statistiques - réponses
Numéro Joueur % Correct
5 Zidane
97%
1 Casillas
88%
7 Raúl
78%
3 Roberto Carlos
76%
10 Figo
69%
4 (cap) Hierro
63%
24 Makélélé
44%
9 Fernando Morientes
38%
Entraîneur Del Bosque
30%
2 Salgado
27%
6 Helguera
13%
21 Solari
9%
Aucun quiz correspondant
Distribution des résultats
% des personnes avec chaque résultat
Percentile par nombre de réponses
Votre historique - résultats
Vous n’avez pas pris ce quiz